[Event "Olimpiada Calviá 2004"]
[Site "Calviá ESP"]
[Date "2004.10.26"]
[Round "11.42"]
[White "Canda, Danilo"]
[Black "Mok, Tze-Meng"]
[Result "1-0"]
[WhiteElo "2335"]
[BlackElo "2336"]
[PlyCount "173"]
[EventDate "2004.10.15"]
[EventType "team"]
[EventRounds "14"]
[EventCountry "ESP"]
[Source "lmi"]
[SourceDate "2004.10.27"]

1. e4 g6 2. d4 Bg7 3. Nc3 c6 4. Nf3 d5 5. h3 Nf6 6. Bd3 dxe4 7. Nxe4 Nxe4 8.
Bxe4 O-O 9. O-O Nd7 10. Re1 c5 11. c3 cxd4 12. Nxd4 a6 13. a4 Nc5 14. Bc2 Qc7
15. Nb3 b6 16. Qe2 e5 17. Nxc5 bxc5 18. Bb3 Bb7 19. Bc4 Kh8 20. Rd1 f5 21. Bd5
Bxd5 22. Rxd5 c4 23. a5 Rfd8 24. Rxd8+ Rxd8 25. Be3 Rd3 26. f3 Qd7 27. Kf1 Qd5
28. Ke1 Bf6 29. Bf2 Bg5 30. Rd1 Kg8 31. h4 Bf6 32. Bb6 Kf7 33. b4 Ke6 34. Bc5
Kd7 35. Bb6 Kc6 36. Bc5 Kb5 37. Bb6 e4 38. fxe4 Qxe4 39. Qxe4 fxe4 40. Bd4
Bxh4+ 41. Ke2 Bg3 42. Rf1 Bh4 43. Rf4 Bg5 44. Rxe4 Bd2 45. Re5+ Ka4 46. b5 Bxc3
47. Bxc3 Rxc3 48. bxa6 Rd3 49. a7 Rd8 50. Rc5 Kb4 51. Rc7 Ra8 52. Rxh7 Kxa5 53.
Kd2 Kb4 54. Rc7 g5 55. Kc2 Kb5 56. Kc3 Kb6 57. Rg7 g4 58. Rxg4 Rxa7 59. Rxc4
Rg7 60. g4 Kb5 61. Kd3 Rg8 62. Re4 Kc5 63. Ke3 Kd5 64. Kf3 Rf8+ 65. Rf4 Rg8 66.
Rf5+ Ke6 67. Kf4 Ra8 68. Kg3 Rb8 69. Rf1 Rg8 70. Rf2 Rg7 71. Kh4 Rh7+ 72. Kg5
Rh8 73. Rf6+ Ke7 74. Kf5 Rh1 75. Kg6 Rh8 76. g5 Rg8+ 77. Kh6 Rh8+ 78. Kg7 Rh1
79. Rf2 Ke6 80. g6 Rg1 81. Re2+ Kd6 82. Kf7 Rf1+ 83. Kg8 Rg1 84. g7 Rg3 85. Re4
Kd5 86. Re7 Kd6 87. Kf8 1-0

[Event "Olimpiada Calviá 2004"]
[Site "Calviá ESP"]
[Date "2004.10.26"]
[Round "11.42"]
[White "Lim, Yee-Weng"]
[Black "Davila, Carlos"]
[Result "1/2-1/2"]
[WhiteElo "2346"]
[BlackElo "2339"]
[PlyCount "23"]
[EventDate "2004.10.15"]
[EventType "team"]
[EventRounds "14"]
[EventCountry "ESP"]
[Source "lmi"]
[SourceDate "2004.10.27"]

1. e4 e6 2. d4 d5 3. Nd2 c5 4. Ngf3 Nc6 5. g3 Bd6 6. Bg2 Nge7 7. O-O O-O 8. Nh4
b6 9. f4 f5 10. Re1 a5 11. Ndf3 h6 12. c3 1/2-1/2

[Event "Olimpiada Calviá 2004"]
[Site "Calviá ESP"]
[Date "2004.10.26"]
[Round "11.42"]
[White "Zarul Shazwan, Zullkafli"]
[Black "Bendana, Guy"]
[Result "1/2-1/2"]
[WhiteElo "2020"]
[BlackElo "2166"]
[PlyCount "28"]
[EventDate "2004.10.15"]
[EventType "team"]
[EventRounds "14"]
[EventCountry "ESP"]
[Source "lmi"]
[SourceDate "2004.10.27"]

1. e4 e5 2. Nf3 Nf6 3. Nxe5 d6 4. Nf3 Nxe4 5. d4 d5 6. Bd3 Bd6 7. O-O O-O 8. c4
c6 9. Nc3 Nxc3 10. bxc3 dxc4 11. Bxc4 Bg4 12. Qd3 Nd7 13. Bg5 Be7 14. Bf4 Bf6
1/2-1/2

[Event "Olimpiada Calviá 2004"]
[Site "Calviá ESP"]
[Date "2004.10.26"]
[Round "11.43"]
[White "Simonsen, Hans Kristian"]
[Black "Singh, Ravishen"]
[Result "1-0"]
[WhiteElo "2293"]
[BlackElo "2093"]
[PlyCount "121"]
[EventDate "2004.10.15"]
[EventType "team"]
[EventRounds "14"]
[EventCountry "ESP"]
[Source "lmi"]
[SourceDate "2004.10.27"]

1. Nf3 Nf6 2. g3 g6 3. Bg2 Bg7 4. O-O O-O 5. d4 d6 6. c4 c6 7. Nc3 Bf5 8. b3
Na6 9. Bb2 Qc8 10. Rc1 Bh3 11. e4 Bxg2 12. Kxg2 Ng4 13. h3 Nh6 14. Ne2 Nc7 15.
Qc2 f6 16. Rcd1 Nf7 17. d5 c5 18. Nd2 Ng5 19. Rh1 Qd7 20. f4 Nf7 21. f5 Bh6 22.
fxg6 hxg6 23. e5 Nxe5 24. Bxe5 fxe5 25. Qxg6+ Bg7 26. Ne4 Qf5 27. Qxf5 Rxf5 28.
g4 Rf7 29. Rhf1 Raf8 30. N2g3 Rf4 31. Rde1 e6 32. dxe6 Nxe6 33. Nxd6 Rxf1 34.
Rxf1 Nf4+ 35. Kh2 b6 36. Nge4 Rd8 37. Rf2 Bf8 38. Rd2 Be7 39. Kg3 Bxd6 40. Nxd6
Kh7 41. g5 Kg6 42. Kg4 Ng2 43. Ne4 Rd4 44. Rxd4 cxd4 45. h4 Ne3+ 46. Kf3 Nf5
47. Nf2 Nxh4+ 48. Ke4 Kxg5 49. Kxe5 Nf5 50. b4 Ne7 51. b5 Nf5 52. a4 Kg6 53.
Nd3 Ng7 54. Kxd4 Kf6 55. Kd5 Ke7 56. Kc6 Kd8 57. Kb7 Ne6 58. Kxa7 Kc7 59. c5
bxc5 60. b6+ Kd6 61. b7 1-0

[Event "Olimpiada Calviá 2004"]
[Site "Calviá ESP"]
[Date "2004.10.26"]
[Round "11.43"]
[White "Merritt, Mario"]
[Black "Berg, Olaf"]
[Result "1-0"]
[WhiteElo "2079"]
[BlackElo "2211"]
[PlyCount "95"]
[EventDate "2004.10.15"]
[EventType "team"]
[EventRounds "14"]
[EventCountry "ESP"]
[Source "lmi"]
[SourceDate "2004.10.27"]

1. c4 Nf6 2. Nc3 c5 3. Nf3 e6 4. g3 b6 5. Bg2 Bb7 6. O-O Be7 7. Re1 d5 8. cxd5
exd5 9. d4 O-O 10. Bg5 h6 11. Bxf6 Bxf6 12. e4 dxe4 13. Nxe4 Na6 14. Ne5 Bxe5
15. dxe5 Bxe4 16. Bxe4 Qxd1 17. Raxd1 Rad8 18. Rd6 Nc7 19. Red1 Ne6 20. Rxd8
Rxd8 21. Rxd8+ Nxd8 22. Bd5 Kf8 23. f4 f6 24. exf6 gxf6 25. Kf2 Ke7 26. Ke3 Kd6
27. Bc4 Nc6 28. g4 Nd4 29. h4 Ke7 30. h5 b5 31. Bd5 a5 32. Kd3 a4 33. b3 axb3
34. axb3 Kd6 35. Bg8 Ke7 36. b4 Kd6 37. Bf7 Nc6 38. bxc5+ Kxc5 39. Ke4 Nd8 40.
Ba2 Nc6 41. g5 fxg5 42. fxg5 hxg5 43. h6 Ne7 44. Bf7 b4 45. h7 Nc8 46. Bb3 Nd6+
47. Kd3 Nf7 48. Bxf7 1-0

[Event "Olimpiada Calviá 2004"]
[Site "Calviá ESP"]
[Date "2004.10.26"]
[Round "11.43"]
[White "Rodgaard, John"]
[Black "Yee, Frank"]
[Result "1-0"]
[WhiteElo "2310"]
[BlackElo "2101"]
[PlyCount "59"]
[EventDate "2004.10.15"]
[EventType "team"]
[EventRounds "14"]
[EventCountry "ESP"]
[Source "lmi"]
[SourceDate "2004.10.27"]

1. c4 e5 2. e3 Nc6 3. Nc3 f5 4. d4 d6 5. Nf3 e4 6. Nd2 Nf6 7. f3 exf3 8. Nxf3
Be7 9. Bd3 O-O 10. O-O Nb4 11. Bb1 c6 12. a3 Na6 13. e4 fxe4 14. Nxe4 Bg4 15.
h3 Bxf3 16. Rxf3 Nxe4 17. Bxe4 Bf6 18. Qd3 g6 19. Bh6 Bg7 20. Bxg7 Kxg7 21.
Rxf8 Qxf8 22. b4 Nc7 23. d5 cxd5 24. Bxd5 Nxd5 25. Qxd5 b6 26. Rf1 Qg8 27. Qd4+
Kh6 28. Qh4+ Kg7 29. Qf6+ Kh6 30. Rf4 1-0

[Event "Olimpiada Calviá 2004"]
[Site "Calviá ESP"]
[Date "2004.10.26"]
[Round "11.43"]
[White "Marcelle, Joffrey"]
[Black "Nolsoe, Eydun"]
[Result "0-1"]
[WhiteElo "1990"]
[BlackElo "2227"]
[PlyCount "72"]
[EventDate "2004.10.15"]
[EventType "team"]
[EventRounds "14"]
[EventCountry "ESP"]
[Source "lmi"]
[SourceDate "2004.10.27"]

1. d4 Nf6 2. c4 e6 3. Nc3 Bb4 4. Qb3 c5 5. dxc5 Bxc5 6. Nf3 O-O 7. Bg5 Be7 8.
e3 d6 9. Be2 Nbd7 10. O-O a6 11. Qc2 Qc7 12. Rac1 b6 13. b4 Bb7 14. Rfd1 Rac8
15. Qb2 Rfd8 16. h3 Nf8 17. Nd4 Ng6 18. Bf3 Ne5 19. c5 Nxf3+ 20. gxf3 bxc5 21.
bxc5 dxc5 22. Na4 Qb8 23. Bf4 Qa7 24. Nb6 cxd4 25. Nxc8 Rxc8 26. Rxc8+ Bxc8 27.
Rxd4 Nd5 28. Rc4 Bb7 29. Be5 Bf8 30. Bd4 Qa8 31. e4 Nf4 32. Be3 Ng6 33. Rc7 Bc6
34. Qb6 Bb5 35. Bc5 Qd8 36. Bxf8 Qg5+ 0-1

[Event "Olimpiada Calviá 2004"]
[Site "Calviá ESP"]
[Date "2004.10.26"]
[Round "11.44"]
[White "Ermenkov, Evgenij"]
[Black "El-Zayat, Ahmed"]
[Result "1-0"]
[WhiteElo "2454"]
[BlackElo "1958"]
[PlyCount "25"]
[EventDate "2004.10.15"]
[EventType "team"]
[EventRounds "14"]
[EventCountry "ESP"]
[Source "lmi"]
[SourceDate "2004.10.27"]

1. e4 e5 2. Bc4 Nc6 3. Nf3 Bc5 4. c3 d6 5. d4 exd4 6. cxd4 Bb4+ 7. Nc3 Nf6 8.
d5 Ne7 9. Qa4+ Qd7 10. Qxb4 Qg4 11. O-O O-O 12. Re1 a6 13. Bb3 1-0

[Event "Olimpiada Calviá 2004"]
[Site "Calviá ESP"]
[Date "2004.10.26"]
[Round "11.44"]
[White "Salem, Ali Maoloud"]
[Black "Moussa, Alaa-Eddine"]
[Result "0-1"]
[WhiteElo "2228"]
[BlackElo "2188"]
[PlyCount "90"]
[EventDate "2004.10.15"]
[EventType "team"]
[EventRounds "14"]
[EventCountry "ESP"]
[Source "lmi"]
[SourceDate "2004.10.27"]

1. e4 c6 2. d4 d5 3. e5 Bf5 4. Bd3 Bxd3 5. Qxd3 e6 6. Ne2 c5 7. c3 Nc6 8. a3
cxd4 9. cxd4 Nge7 10. Bd2 Nc8 11. O-O Nb6 12. Bc3 a5 13. Nd2 a4 14. Kh1 g6 15.
f4 h5 16. Qb5 Ra6 17. b4 Qd7 18. Qd3 Na7 19. Rac1 Qb5 20. Qf3 Qd7 21. Bb2 Nb5
22. Qd3 Be7 23. Nc3 Nxc3 24. Qxc3 Ra8 25. Qc7 Bd8 26. Qxd7+ Kxd7 27. Kg1 Be7
28. Kf2 Rhc8 29. Ke3 Rxc1 30. Rxc1 g5 31. g3 Rg8 32. Kf3 gxf4 33. gxf4 h4 34.
Nb1 h3 35. Rc2 Bh4 36. Nc3 Be1 37. Nb5 Nc4 38. Bc1 Rg1 39. Be3 Rf1+ 40. Ke2 Bh4
41. Bc1 Rf2+ 42. Kd3 Rxc2 43. Kxc2 Bg3 44. Nc3 Bxh2 45. Ne2 Bg1 0-1

[Event "Olimpiada Calviá 2004"]
[Site "Calviá ESP"]
[Date "2004.10.26"]
[Round "11.44"]
[White "Kayle, Charles"]
[Black "Asabri, Hussien"]
[Result "1/2-1/2"]
[WhiteElo "2036"]
[BlackElo "2286"]
[PlyCount "101"]
[EventDate "2004.10.15"]
[EventType "team"]
[EventRounds "14"]
[EventCountry "ESP"]
[Source "lmi"]
[SourceDate "2004.10.27"]

1. d4 Nf6 2. c4 c5 3. d5 b5 4. cxb5 a6 5. bxa6 g6 6. Nc3 Bxa6 7. Nf3 d6 8. e4
Bxf1 9. Kxf1 Nbd7 10. g3 Bg7 11. Kg2 O-O 12. Re1 Qa5 13. e5 dxe5 14. Nxe5 Nxe5
15. Rxe5 Ra7 16. Qf3 Ne8 17. Re4 Nd6 18. Ra4 Qb6 19. Rxa7 Qxa7 20. Bf4 Nf5 21.
Re1 Qb7 22. Na4 Qb4 23. Qe4 Bd4 24. b3 h5 25. Re2 Rd8 26. Rc2 Qb5 27. Nc3 Qb7
28. Be3 Bxe3 29. fxe3 Rd6 30. Kg1 Qd7 31. Qf4 Qa7 32. Nb5 Qa5 33. Nxd6 Qe1+ 34.
Qf1 Qxf1+ 35. Kxf1 Nxe3+ 36. Kf2 Nxc2 37. Ne4 Nb4 38. Nxc5 Nxa2 39. Nd3 Nc3 40.
Nb4 Ne4+ 41. Ke3 Nc5 42. Nc6 Nxb3 43. Nxe7+ Kf8 44. Nc6 Ke8 45. Kf4 f6 46. h3
Kd7 47. g4 hxg4 48. hxg4 Kd6 49. g5 fxg5+ 50. Kxg5 Kxd5 51. Kxg6 1/2-1/2

[Event "Olimpiada Calviá 2004"]
[Site "Calviá ESP"]
[Date "2004.10.26"]
[Round "11.45"]
[White "Agnelo, Amorin"]
[Black "Chau, Sau Ming"]
[Result "0-1"]
[WhiteElo "2227"]
[BlackElo "2230"]
[PlyCount "61"]
[EventDate "2004.10.15"]
[EventType "team"]
[EventRounds "14"]
[EventCountry "ESP"]
[Source "lmi"]
[SourceDate "2004.10.27"]

1. e4 e6 2. d4 d5 3. Nc3 Bb4 4. e5 c5 5. a3 Bxc3+ 6. bxc3 Ne7 7. Qg4 Qc7 8. Bd2
Nbc6 9. Nf3 g6 10. h4 Bd7 11. Qf4 h6 12. dxc5 O-O-O 13. Rh3 Rdf8 14. Qe3 f6 15.
exf6 Rxf6 16. Nd4 a6 17. Nxc6 Qxc6 18. Qe5 Rhf8 19. Rf3 Rxf3 20. gxf3 Qxc5 21.
Be3 Qc7 22. Qd4 Nf5 23. Qb4 Rf7 24. Bb6 Qc6 25. Rb1 e5 26. Qa5 d4 27. cxd4 exd4
28. Bc5 Nxh4 29. Rb3 Nxf3+ 30. Kd1 Rf5 31. Qb4 0-1

[Event "Olimpiada Calviá 2004"]
[Site "Calviá ESP"]
[Date "2004.10.26"]
[Round "11.45"]
[White "Yung, Lau"]
[Black "Pascoal, Eduardo A"]
[Result "1/2-1/2"]
[WhiteElo "2147"]
[BlackElo "2068"]
[PlyCount "73"]
[EventDate "2004.10.15"]
[EventType "team"]
[EventRounds "14"]
[EventCountry "ESP"]
[Source "lmi"]
[SourceDate "2004.10.27"]

1. e4 e6 2. d4 d5 3. e5 c5 4. c3 Bd7 5. Nf3 Qb6 6. Bd3 Bb5 7. O-O Bxd3 8. Qxd3
Qa6 9. Qd1 Nd7 10. Be3 cxd4 11. cxd4 Qb6 12. Qe2 Ne7 13. Nc3 Nc6 14. Rac1 Be7
15. Rfd1 O-O 16. h4 Rac8 17. Bg5 h6 18. Bxe7 Nxe7 19. g4 Rc6 20. g5 h5 21. Nh2
f6 22. Rd3 Nf5 23. Rcd1 Rc4 24. Nf3 Rfc8 25. Qd2 a5 26. b3 R4c6 27. a4 Qb4 28.
Nb5 Qxd2 29. R1xd2 Rc1+ 30. Kg2 Nb8 31. Rd1 Rxd1 32. Rxd1 Kf7 33. Kf1 Ke7 34.
Ke2 Rc2+ 35. Rd2 Rc1 36. Rd1 Rc2+ 37. Rd2 1/2-1/2

[Event "Olimpiada Calviá 2004"]
[Site "Calviá ESP"]
[Date "2004.10.26"]
[Round "11.45"]
[White "Domingos, Catarino"]
[Black "Corke, Anya"]
[Result "1-0"]
[WhiteElo "2227"]
[BlackElo "2041"]
[PlyCount "103"]
[EventDate "2004.10.15"]
[EventType "team"]
[EventRounds "14"]
[EventCountry "ESP"]
[Source "lmi"]
[SourceDate "2004.10.27"]

1. d4 Nf6 2. Nf3 g6 3. c4 Bg7 4. Nc3 d5 5. Qb3 dxc4 6. Qxc4 O-O 7. e4 a6 8. Bf4
b5 9. Qxc7 b4 10. Na4 Qxc7 11. Bxc7 Bb7 12. e5 Nd5 13. Bxb8 Rfxb8 14. Nc5 Bc6
15. Bc4 a5 16. O-O e6 17. Rfd1 Bf8 18. Ne4 Be7 19. Rac1 Rc8 20. Bf1 Rc7 21. h3
Rac8 22. Ba6 Ra8 23. Bc4 Rac8 24. Nd6 Rd8 25. Bxd5 exd5 26. Rc5 f6 27. Rdc1
Bxd6 28. exd6 Rxd6 29. Rxa5 Re7 30. Ra6 Ree6 31. Rb6 Re2 32. Rcxc6 Rxc6 33.
Rxc6 Rxb2 34. Rxf6 Rxa2 35. Rb6 Ra1+ 36. Kh2 Rb1 37. Rb7 b3 38. Nd2 Rb2 39.
Nxb3 Rxf2 40. Nc5 Rd2 41. Ne6 Re2 42. Ng5 Rd2 43. Nf3 Ra2 44. Rb5 Kf7 45. Rxd5
Ke6 46. Rb5 Ra7 47. Kg3 Rd7 48. Kf4 Rd6 49. Rb7 h6 50. Ke4 Kf6 51. Ne5 Ra6 52.
Rb6+ 1-0

[Event "Olimpiada Calviá 2004"]
[Site "Calviá ESP"]
[Date "2004.10.26"]
[Round "11.46"]
[White "Baules, Jorge"]
[Black "Juarez Flores, Carlos A"]
[Result "0-1"]
[WhiteElo "2275"]
[BlackElo "2391"]
[PlyCount "96"]
[EventDate "2004.10.15"]
[EventType "team"]
[EventRounds "14"]
[EventCountry "ESP"]
[Source "lmi"]
[SourceDate "2004.10.27"]

1. e4 e6 2. d3 d5 3. Nd2 Nf6 4. Ngf3 c5 5. g3 Nc6 6. Bg2 Be7 7. O-O b6 8. Re1
Bb7 9. Qe2 h6 10. e5 Nd7 11. c4 d4 12. h4 g5 13. hxg5 hxg5 14. g4 Qc7 15. Nf1
O-O-O 16. Ng3 Rdg8 17. a3 a5 18. Bd2 Nf8 19. b4 cxb4 20. axb4 Bxb4 21. Bxb4
Nxb4 22. Ne4 Ng6 23. c5 Nf4 24. Qd2 Bxe4 25. Rxe4 bxc5 26. Nxd4 Nxg2 27. Nb5
Nh4 28. Qe3 Qb6 29. Rxb4 axb4 30. Ra8+ Kd7 31. Ra7+ Qxa7 32. Nxa7 Rc8 33. Nxc8
Rxc8 34. Qe4 Rb8 35. Kh2 Kc7 36. Qc4 Kb6 37. Kg3 Rd8 38. Qb3 Ng6 39. Qc4 Nf4
40. Qa2 Rxd3+ 41. Kh2 b3 42. Qa8 Kb5 43. Qb7+ Kc4 44. Qa6+ Kc3 45. Qa5+ Kd4 46.
Qb6 Nd5 47. Qa7 b2 48. Qa2 Rd2 0-1

[Event "Olimpiada Calviá 2004"]
[Site "Calviá ESP"]
[Date "2004.10.26"]
[Round "11.47"]
[White "Zhidkov, Valery S"]
[Black "Paragua, Mark"]
[Result "1-0"]
[WhiteElo "2394"]
[BlackElo "2534"]
[PlyCount "147"]
[EventDate "2004.10.15"]
[EventType "team"]
[EventRounds "14"]
[EventCountry "ESP"]
[Source "lmi"]
[SourceDate "2004.10.27"]

1. d4 Nf6 2. Nf3 g6 3. c4 Bg7 4. g3 O-O 5. Bg2 d6 6. O-O Nc6 7. Nc3 a6 8. h3
Rb8 9. Be3 b5 10. Nd2 Bd7 11. cxb5 axb5 12. Nde4 Nxe4 13. Nxe4 e6 14. Qd2 f5
15. Ng5 Nxd4 16. Bxd4 Bxd4 17. Qxd4 Qxg5 18. Rac1 Qd8 19. Qa7 c5 20. Rfd1 Qe7
21. Qc7 d5 22. Qxc5 Qf6 23. Qd6 Rbd8 24. Rc7 Rf7 25. Rd2 h5 26. h4 f4 27. Qxf4
Qxf4 28. gxf4 Rxf4 29. e4 Be8 30. exd5 exd5 31. Rxd5 Rxd5 32. Bxd5+ Kf8 33. Rc8
Ke7 34. Bc6 Bf7 35. Bxb5 Bxa2 36. Rc7+ Kf6 37. Rc6+ Kg7 38. Bd3 Bf7 39. b3 Rg4+
40. Kf1 Rxh4 41. Rc7 Kf6 42. Rc6+ Kg5 43. Rc5+ Kh6 44. Bc4 Be8 45. Re5 Bc6 46.
Bd5 Bb5+ 47. Kg2 Rg4+ 48. Kh2 Bd3 49. Be6 Rb4 50. Rd5 Be4 51. Rc5 Rb6 52. Re5
Bb7 53. Bc4 Rf6 54. Kg1 Rd6 55. Be2 Rd2 56. Re7 Bc8 57. b4 Kg5 58. b5 Bf5 59.
b6 Rb2 60. b7 Kf4 61. Bf1 h4 62. Bg2 h3 63. Bc6 Kg5 64. Re8 Bd7 65. Bxd7 Rxb7
66. Bxh3 Rb4 67. Kg2 Rb3 68. Re6 Rb5 69. Rc6 Kh6 70. Bg4 Kg7 71. Be2 Rg5+ 72.
Kf3 Kf7 73. Bd3 Kg7 74. Rxg6+ 1-0

[Event "Olimpiada Calviá 2004"]
[Site "Calviá ESP"]
[Date "2004.10.26"]
[Round "11.47"]
[White "Gonzales, Jayson"]
[Black "Bieluczyk, Bogdan"]
[Result "1-0"]
[WhiteElo "2422"]
[BlackElo "2259"]
[PlyCount "121"]
[EventDate "2004.10.15"]
[EventType "team"]
[EventRounds "14"]
[EventCountry "ESP"]
[Source "lmi"]
[SourceDate "2004.10.27"]

1. c4 Nf6 2. g3 d6 3. Bg2 e5 4. Nc3 c6 5. e4 Be7 6. Nge2 O-O 7. d3 Na6 8. O-O
Nc7 9. f4 Bg4 10. h3 Bxe2 11. Qxe2 Ne6 12. Be3 Nd4 13. Qf2 c5 14. f5 Ne8 15.
Qd2 Nc7 16. Rf2 a6 17. Raf1 f6 18. g4 b5 19. h4 b4 20. Ne2 b3 21. a3 Nc2 22.
Ng3 Nxe3 23. Qxe3 a5 24. Bf3 Na6 25. Bd1 a4 26. Ne2 Nc7 27. Rg2 h6 28. Kf2 Kf7
29. Rfg1 Ke8 30. Ng3 Kd7 31. Nh5 Rg8 32. Ng3 Kc6 33. Ne2 Kd7 34. Nc3 Rh8 35.
Ke1 Kc6 36. Kd2 Kb7 37. Kc1 Kc6 38. Ne2 Kb7 39. Ng3 Kb6 40. Nh5 Ne8 41. Kb1 Kb7
42. Ng3 Kc6 43. Nh1 Ra7 44. Nf2 Rh7 45. Nh1 Rb7 46. Bf3 Kb6 47. Qe2 Ka7 48. Nf2
Qa5 49. Nd1 Kb8 50. Nc3 Nc7 51. Rh2 Ra7 52. g5 hxg5 53. hxg5 Rxh2 54. Qxh2 fxg5
55. Qh8+ Kb7 56. Qxg7 Bd8 57. Bg4 Kb8 58. Qf8 Na6 59. Rh1 Nb4 60. axb4 cxb4 61.
Qxd6+ 1-0

[Event "Olimpiada Calviá 2004"]
[Site "Calviá ESP"]
[Date "2004.10.26"]
[Round "11.47"]
[White "Bieluczyk, Tadeusz"]
[Black "Senador, Emmanuel"]
[Result "1-0"]
[WhiteElo "2073"]
[BlackElo "2432"]
[PlyCount "101"]
[EventDate "2004.10.15"]
[EventType "team"]
[EventRounds "14"]
[EventCountry "ESP"]
[Source "lmi"]
[SourceDate "2004.10.27"]

1. d4 Nf6 2. Nf3 d5 3. Bf4 c5 4. e3 Qb6 5. Qc1 cxd4 6. exd4 Nc6 7. c3 Bf5 8.
Be2 Rc8 9. O-O e6 10. Nbd2 Be7 11. Re1 h6 12. Nf1 O-O 13. h3 Bg6 14. Bd1 Ne4
15. Ba4 f6 16. Ne3 Rfd8 17. Bc2 Bh7 18. Re2 Kh8 19. Qe1 g5 20. Bh2 Rg8 21. Kh1
Rg7 22. Ng1 Nd8 23. f3 Nd6 24. Bxh7 Kxh7 25. Nxd5 exd5 26. Rxe7 Nf5 27. Qb1
Rxe7 28. Qxf5+ Kg7 29. Qxc8 Nf7 30. Rb1 Qa6 31. Qc5 Qe6 32. Bg3 b6 33. Qb4 Qd7
34. Re1 Rxe1 35. Bxe1 Nd6 36. Bf2 h5 37. b3 g4 38. c4 Nf5 39. fxg4 hxg4 40.
hxg4 Nh6 41. g5 fxg5 42. Bg3 Ng4 43. Be5+ Kg8 44. Nf3 Qh7+ 45. Kg1 Ne3 46. Qd2
Qb1+ 47. Kf2 Ng4+ 48. Kg3 Nh6 49. cxd5 Qg6 50. d6 Nf5+ 51. Kf2 1-0

[Event "Olimpiada Calviá 2004"]
[Site "Calviá ESP"]
[Date "2004.10.26"]
[Round "11.48"]
[White "Ayyoubi, Saifudin"]
[Black "Weeramantry, Sunil"]
[Result "0-1"]
[WhiteElo "2200"]
[BlackElo "2231"]
[PlyCount "92"]
[EventDate "2004.10.15"]
[EventType "team"]
[EventRounds "14"]
[EventCountry "ESP"]
[Source "lmi"]
[SourceDate "2004.10.27"]

1. e4 c5 2. Nf3 Nc6 3. Bc4 e6 4. Nc3 Nf6 5. d4 cxd4 6. Nxd4 Bb4 7. Nxc6 bxc6 8.
Bg5 Qa5 9. Bxf6 gxf6 10. Qf3 d5 11. exd5 cxd5 12. O-O Bxc3 13. bxc3 Ke7 14.
Rab1 Bd7 15. Bb3 Rac8 16. Rfe1 Rxc3 17. Qxd5 Qxd5 18. Bxd5 Rxc2 19. h3 Rhc8 20.
Bb3 R2c3 21. Re4 a5 22. Ba4 Rc1+ 23. Rxc1 Rxc1+ 24. Kh2 f5 25. Rd4 Bc8 26. Rh4
Bb7 27. Rxh7 Rf1 28. f3 Rf2 29. Bb3 Bc6 30. Rh4 e5 31. Ba4 Bxf3 32. Kg3 Rxa2
33. Bb3 Ra3 34. Kxf3 Rxb3+ 35. Kf2 e4 36. Rh6 a4 37. Ra6 a3 38. h4 f4 39. Ra4
f5 40. h5 Rb2+ 41. Kg1 a2 42. Kh2 f3 43. h6 Rxg2+ 44. Kh3 Kf7 45. Kh4 f2 46.
Rxa2 f1=Q 0-1

[Event "Olimpiada Calviá 2004"]
[Site "Calviá ESP"]
[Date "2004.10.26"]
[Round "11.49"]
[White "Khairallah, Faisal"]
[Black "Phillips, Roy"]
[Result "1-0"]
[WhiteElo "2323"]
[BlackElo "2229"]
[PlyCount "55"]
[EventDate "2004.10.15"]
[EventType "team"]
[EventRounds "14"]
[EventCountry "ESP"]
[Source "lmi"]
[SourceDate "2004.10.27"]

1. e4 c5 2. Nf3 Nc6 3. Bb5 g6 4. c3 Bg7 5. d4 Qb6 6. Bxc6 bxc6 7. O-O Ba6 8.
Re1 Nf6 9. Nbd2 cxd4 10. cxd4 O-O 11. Qc2 Rac8 12. Nb3 d6 13. Bg5 Qb5 14. e5
Nd5 15. Qe4 h6 16. Bd2 Nb4 17. e6 f5 18. Qh4 g5 19. Qh5 Nc2 20. h4 Nxe1 21.
Rxe1 f4 22. hxg5 hxg5 23. Nxg5 Rf5 24. Qh7+ Kf8 25. Nc5 Rxc5 26. dxc5 Qxc5 27.
Qg6 Kg8 28. Bc3 1-0

[Event "Olimpiada Calviá 2004"]
[Site "Calviá ESP"]
[Date "2004.10.26"]
[Round "11.49"]
[White "Chinasamy, Devarajen"]
[Black "Najjar, Ahmad"]
[Result "0-1"]
[WhiteElo "2200"]
[BlackElo "2337"]
[PlyCount "46"]
[EventDate "2004.10.15"]
[EventType "team"]
[EventRounds "14"]
[EventCountry "ESP"]
[Source "lmi"]
[SourceDate "2004.10.27"]

1. e4 e5 2. Bc4 Nc6 3. Nc3 Bc5 4. d3 Nf6 5. Bg5 h6 6. Bh4 d6 7. h3 g5 8. Bg3
Na5 9. Bb5+ c6 10. Ba4 b5 11. Bb3 Nxb3 12. axb3 Be6 13. Nge2 Nh5 14. Qd2 Qb6
15. Nd1 b4 16. Ne3 Nf4 17. Rg1 d5 18. exd5 cxd5 19. O-O-O f5 20. Bh2 Rc8 21.
Kb1 Qa5 22. Ng3 Rf8 23. Rde1 Rc6 0-1

[Event "Olimpiada Calviá 2004"]
[Site "Calviá ESP"]
[Date "2004.10.26"]
[Round "11.49"]
[White "Eid, Fadi"]
[Black "Seegolam, Pradeep"]
[Result "1-0"]
[WhiteElo "2357"]
[BlackElo "2200"]
[PlyCount "67"]
[EventDate "2004.10.15"]
[EventType "team"]
[EventRounds "14"]
[EventCountry "ESP"]
[Source "lmi"]
[SourceDate "2004.10.27"]

1. e4 c5 2. Nf3 Nc6 3. d4 cxd4 4. Nxd4 Nf6 5. Nc3 d6 6. Be3 Ng4 7. Bb5 Nxe3 8.
fxe3 Bd7 9. O-O Ne5 10. Nf3 Bxb5 11. Nxb5 Qb6 12. Nxe5 dxe5 13. Qd5 e6 14. Qxe5
Rc8 15. Qh5 g6 16. Qe5 Rg8 17. Rad1 a6 18. Qf6 Rg7 19. Nd6+ Bxd6 20. Qxg7 f5
21. Qxh7 Rxc2 22. Qxg6+ Kd7 23. exf5 Kc7 24. fxe6 Rxb2 25. Qe8 Qxe3+ 26. Kh1
Bc5 27. Qd8+ Kc6 28. Qd5+ Kb6 29. Rb1 Rb5 30. a4 Rxb1 31. Rxb1+ Ka5 32. Qxb7
Qxe6 33. Qc7+ Bb6 34. Qc3+ 1-0

[Event "Olimpiada Calviá 2004"]
[Site "Calviá ESP"]
[Date "2004.10.26"]
[Round "11.50"]
[White "Shrestha, Bilam Lal"]
[Black "Guillen Ramirez, Jose Antonio"]
[Result "1/2-1/2"]
[WhiteElo "2180"]
[BlackElo "2301"]
[PlyCount "88"]
[EventDate "2004.10.15"]
[EventType "team"]
[EventRounds "14"]
[EventCountry "ESP"]
[Source "lmi"]
[SourceDate "2004.10.27"]

1. e4 c5 2. g3 d5 3. Bg2 dxe4 4. Bxe4 Nf6 5. Bg2 Bg4 6. Ne2 Nc6 7. O-O Qd7 8.
Nbc3 h5 9. f3 Bh3 10. Nf4 Bxg2 11. Nxg2 g5 12. d3 g4 13. Ne4 Nxe4 14. fxe4 Bg7
15. Rb1 Ne5 16. Bf4 Nf3+ 17. Kh1 Rc8 18. b3 Rc6 19. Qe2 Bf6 20. Qf2 h4 21. gxh4
Bxh4 22. Nxh4 Rxh4 23. Rg1 Rf6 24. Qxf3 e5 25. Qg3 Rh3 26. Qxg4 Qxg4 27. Rxg4
exf4 28. Rf1 Re3 29. Rgxf4 Rxf4 30. Rxf4 Re2 31. e5 Rxc2 32. Rc4 Rxa2 33. Rxc5
b6 34. Rc7 a5 35. Rb7 Rb2 36. Rxb6 a4 37. Ra6 axb3 38. Rb6 Ke7 39. Kg1 Kd7 40.
h4 Kc7 41. Rb4 Kc6 42. d4 Rd2 43. Rxb3 Rxd4 44. Rh3 Kd5 1/2-1/2

[Event "Olimpiada Calviá 2004"]
[Site "Calviá ESP"]
[Date "2004.10.26"]
[Round "11.50"]
[White "Digesh, Shanker Malla"]
[Black "Huguet, Sergio"]
[Result "1/2-1/2"]
[WhiteElo "2253"]
[BlackElo "2141"]
[PlyCount "97"]
[EventDate "2004.10.15"]
[EventType "team"]
[EventRounds "14"]
[EventCountry "ESP"]
[Source "lmi"]
[SourceDate "2004.10.27"]

1. e4 Nf6 2. e5 Nd5 3. d4 d6 4. Nf3 Bg4 5. Be2 c6 6. O-O Bxf3 7. Bxf3 dxe5 8.
dxe5 e6 9. Qe2 Nd7 10. c4 Ne7 11. b3 Ng6 12. Bb2 Qa5 13. Bh5 Nf4 14. Qg4 Nxh5
15. Qxh5 g6 16. Qe2 Bg7 17. Re1 O-O 18. Bc3 Qc7 19. Nd2 Rfd8 20. Rad1 Nc5 21.
Nf3 Rxd1 22. Rxd1 Rd8 23. Bb4 Rxd1+ 24. Qxd1 Qd7 25. Qxd7 Nxd7 26. Bd6 Bf8 27.
Bxf8 Kxf8 28. Kf1 c5 29. Ke2 Ke7 30. Ke3 f5 31. exf6+ Kxf6 32. Kf4 h6 33. h4
e5+ 34. Ke3 Kf5 35. Nh2 e4 36. g4+ Ke5 37. f3 exf3 38. Nxf3+ Ke6 39. Kf4 Kf6
40. Ke4 Ke6 41. g5 hxg5 42. Nxg5+ Kd6 43. Nf7+ Ke7 44. Ne5 Nf8 45. Kd5 Kf6 46.
Nd3 Ne6 47. Ke4 b6 48. Ne5 Nd4 49. b4 1/2-1/2